Focus 2 (Record no. 76600)

MARC details
000 -LEADER
fixed length control field 00896cab a2200205 4500
001 - CONTROL NUMBER
control field ##L132749
008 - FIXED-LENGTH DATA ELEMENTS--GENERAL INFORMATION
fixed length control field 060306n2006 000 0 eng u
035 ## - SYSTEM CONTROL NUMBER
System control number (Sirsi) u132749
041 0# - LANGUAGE CODE
Language code of text/sound track or separate title eng
100 1# - MAIN ENTRY--PERSONAL NAME
Personal name Cunningham, Daniel
245 00 - TITLE STATEMENT
Title Focus 2
Remainder of title Scotland
260 ## - PUBLICATION, DISTRIBUTION, ETC.
Date of publication, distribution, etc. 2006
490 #0 - SERIES STATEMENT
Series statement Estates Gazette
Volume/sequential designation (0608) 25 February 2006, 109-129(8)
520 ## - SUMMARY, ETC.
Summary, etc. Covers the fresh development cycle in Greater Glasgow's office market. Reports on the hoped-for boost by law firms to the office market in Edinburgh where there is also a dearth of quality shops and industrial units of the right size. Discusses Aberdeen's commercial property market which is experiencing a mini-boom on the strength of its oil and gas sectors.
590 ## - LOCAL NOTE (RLIN)
Local note IKA140306
690 ## - LOCAL SUBJECT ADDED ENTRY--TOPICAL TERM (OCLC, RLIN)
Topical term or geographic name as entry element PROPERTY-COMMERCIAL PROPERTY-COMMERCIAL PROPERTY MARKET
700 1# - ADDED ENTRY--PERSONAL NAME
Personal name Baker, Colin
700 1# - ADDED ENTRY--PERSONAL NAME
Personal name Morrison, Adrian
942 ## - ADDED ENTRY ELEMENTS (KOHA)
Suppress in OPAC 0
Holdings
Withdrawn status Lost status Source of classification or shelving scheme Damaged status Not for loan Home library Current library Shelving location Date acquired Total Checkouts Full call number Barcode Date last seen Copy number Price effective from Koha item type
    Dewey Decimal Classification     London London Journal article 06/03/2006   L132749 132749-1001 06/08/2019 1 06/08/2019 Journal article